000 00531nam a22001817a 4500
005 20231026082819.0
008 231026b |||||||| |||| 00| 0 eng d
020 _a
041 _aEnglish
082 _a346.7 WIL
100 _aWille, G
_lEnglish
245 _aThe Law of Mortgage and Pledge in South Africa /
_cG Wille
250 _aSecond Edition
260 _aCape town :
_bJuta & Company Ltd,
_c1961
300 _bxx, 223 pages ;
_c26 cm.
650 _aLegal practice
_bLaw
942 _cBK
_6ALISON_BN_VRIES
999 _c72
_d72